000 00709cam a22002297a 4500
008
020 _a9780521869782 (hbk.)
049 _aMAIN
090 _aQC446.2
_bLEO
100 1 _aLeonhardt, Ulf.
245 1 0 _aEssential quantum optics :
_bfrom quantum measurements to black holes /
_cUlf Leonhardt.
260 _aCambridge :
_bCambridge University Press,
_cc2010.
300 _axii, 277 p. :
_bill. ;
_c25 cm.
500 _aIncludes index.
504 _aIncludes bibliographical references.
650 0 _aQuantum optics.
907 _a.b10309937
_b13-03-12
_c01-03-12
003
005 20230123125415.0
040 _cNUST
942 _cBOOKS
_kQC446.2
_mLEO
999 _c140990
_d140990